Mila Kunis - Roles by Picture - Statistics

General Stats
  • This quiz has been taken 7 times
  • The average score is 10 of 45
Answer Stats
Picture Answer % Correct
Meg Griffin
100%
Jackie Burkhart
57%
The Wicked Witch of the West
57%
Jamie
43%
Lori Collins
43%
Rachel Jansen
43%
Amy Mitchell
29%
Audrey Stockman
29%
Cindy Slade
29%
Jupiter Jones
29%
Lily / The Black Swan / Odile
29%
Michelle McAllister
29%
Rachael Newman
29%
Snooki
29%
Solara
29%
TifAni 'Ani' Fanelli
29%
Tina
29%
Abbey Tournquist
14%
Andrea Alvin
14%
Basin
14%
Catherine
14%
Chloe
14%
Deema
14%
Dr. Sharon Gill
14%
Gia Carangi - Age 11
14%
Greta
14%
Jessie Kerwood
14%
Jill
14%
Lana
14%
Lucy Sanchez
14%
Margaret 'Molly' Wheeler
14%
Melinda
14%
Mona Sax
14%
Nancy Livingston
14%
Nikki
14%
Pepper
14%
Sarah
14%
Sophie Bauer
14%
Susie Grogan
14%
Tanya Winters
14%
Theodora
14%
'Whippit' Felton
14%
Ashley
0%
Bonnie
0%
Martice
0%
No matching quizzes found
Score Distribution
Percent of People with Each Score
Percentile by Number Answered
Your Score History
You have not taken this quiz